| 000 | 00491nam a22001937a 4500 | ||
|---|---|---|---|
| 999 |
_c7668 _d7668 |
||
| 003 | BD-JhCC | ||
| 005 | 20180213091035.0 | ||
| 008 | 180213b1985 bg ||||| |||| 00| 0 ben d | ||
| 035 | _a(BD-JhCC) | ||
| 040 |
_aBD-JhCC _dBD-JhCC |
||
| 041 | _aben | ||
| 082 |
_a616.07076 _bKHA 1985 |
||
| 100 | _aখালেক, এস এ | ||
| 245 |
_aপ্যাথলজী / _cএস এ খালেক |
||
| 300 |
_a140 p. : _c22 cm. |
||
| 650 | _aPathology | ||
| 942 |
_2ddc _cBK |
||